000 00294nam a22001337a 4500
008 171211b xxu||||| |||| 00| 0 eng d
020 _a9781256234876
041 _aeng
080 _a61
100 _a4
101 _aSHM
245 _aMEDICAL TERMINOLOGY
_cKEISER UNIVERSITY
942 _2udc
_cBK
999 _c38862
_d38862